山形県の市町村 人口順 - Statistics

General Stats
  • This quiz has been taken 28 times
  • The average score is 23 of 35
Answer Stats
Answer 人口 % Correct
1 山形市 239,986
100%
2 鶴岡市 115,172
100%
3 酒田市 94,167
100%
4 米沢市 76,961
95%
5 天童市 60,568
95%
8 新庄市 32,075
91%
17 尾花沢市 13,179
91%
6 東根市 47,492
86%
10 上山市 27,152
86%
11 長井市 24,826
82%
13 村山市 20,602
77%
7 寒河江市 38,921
73%
14 庄内町 18,596
73%
28 大石田町 5,814
73%
34 鮭川村 3,526
73%
9 南陽市 28,730
68%
12 高畠町 20,933
68%
23 最上町 7,174
64%
25 小国町 6,417
64%
26 真室川町 6,376
64%
16 川西町 13,258
55%
22 三川町 7,237
55%
27 飯豊町 6,008
50%
31 金山町 4,511
50%
19 白鷹町 11,900
45%
20 遊佐町 11,781
45%
32 西川町 4,394
45%
33 戸沢村 3,722
45%
15 河北町 16,422
41%
18 山辺町 13,032
41%
24 大江町 6,891
41%
29 朝日町 5,608
41%
30 舟形町 4,545
41%
35 大蔵村 2,673
41%
21 中山町 10,127
36%
No matching quizzes found
Score Distribution
Percent of People with Each Score
Percentile by Number Answered
Your Score History
You have not taken this quiz